Представление документа в формате MARC21

Поле Инд. ПП Название Значение
Тип записи a
Библиографический уровень m
001 Контрольный номер RU/IS/BASE/400087872
005 Дата корректировки 20230202120157.3
040 b Код языка каталог. rus
041 0_ a Код языка текста rus
080 a Индекс УДК 004.42
084 a Индекс другой классификации/Индекс ББК 32.973.26
090 a Полочн. индекс 681.3
x Авторский знак Х42
097 b Оператор 11
100 1_ a Автор Хигман Б.
245 10 a Заглавие Введение в программирование для вычислительных машин
c Ответственность пер. с англ. С. В. Диева ; под ред. Э. З. Любимского
260 a Место издания М.
b Издательство Мир
c Дата издания 1978
300 a Объем 112 с.
440 _0 a Серия Материальное обеспечение ЭВМ
510 0_ a Примечание о ссылках Книги и методические пособия
650 04 a Основная рубрика 50.33 Цифровые вычислительные машины и вычислительные комплексы (ВК)
650 04 a Основная рубрика 50.05 Теоретические основы программирования
653 0_ a Ключевые слова цифровые вычислительные машины; программирование
901 t Тип документа m